Statistiques concernant Les principaux pays producteurs n° 2

Cliquez ici pour prendre le quiz!

Statistiques générales

  • Ce quiz a été pris 101 fois
  • Le résultat moyen est 14 sur 20

Statistiques - réponses

HintCountry% Correct
3États-Unis
95%
1Chine
94%
1Chine
94%
2Chine
94%
1Espagne
93%
1Inde
89%
2Italie
88%
2Italie
88%
3Gréce
83%
5Gréce
83%
4Turquie
81%
2Russie
78%
5Maroc
76%
3Nouvelle-Zelande
65%
5Thailande
53%
5Ukraine
53%
4Chili
40%
4Nigeria
20%
3Nepal
18%
4Ouzbekistan
5%

Distribution des résultats

Percentile par nombre de réponses

% des personnes avec chaque résultat

Votre développement - résultats

Vous n’avez pas pris ce quiz